Cambios recientes en la concentración y desigualdad de captación de depósitos por el sistema bancario argentino (Registro nro. 16342)
[ vista simple ]
| 000 -LEADER | |
|---|---|
| fixed length control field | 00445 a2200121 4500 |
| 001 - CONTROL NUMBER | |
| control field | ART_3340 |
| 005 - DATE AND TIME OF LATEST TRANSACTION | |
| control field | 20260410161714.0 |
| 008 - FIXED-LENGTH DATA ELEMENTS--GENERAL INFORMATION | |
| fixed length control field | 260409a |
| 100 1# - MAIN ENTRY--PERSONAL NAME | |
| Personal name | Diéguez, Héctor L. |
| 245 10 - TITLE STATEMENT | |
| Title | Cambios recientes en la concentración y desigualdad de captación de depósitos por el sistema bancario argentino |
| 700 1# - ADDED ENTRY--PERSONAL NAME | |
| Personal name | Petrecolla, Alberto |
| 773 0# - HOST ITEM ENTRY | |
| Title | Desarrollo económico |
| Related parts | - Vol. 20, Nº 79 (oct./dic. 1980) |
| Record control number | REV1174 |
No hay ítems disponibles.